=LDR 00000nam 2200000 4500 =001 INLIS000000000027748 =005 20130612130111 =008 ***********************************Ind** =035 ##$$0010-061300000027748 =041 ##$$a Ind =082 ##$$a R.382.92 =090 ##$$a R.382.92, Rin k =100 ##$$a Rinaldi, Eore =245 ##$$a Kamus perdagangan internasional, Eddie Rinaldy =260 ##$$a 2006 $b [S.l] =300 ##$$a xiii, 442 hlm, 22 cm =650 ##$$a Perdagangan internasional =850 ##$$a NBPNMAT